000 00409nam a2200181Ia 4500
001 3310
005 20260306145634.0
008 260306t2005||||xx |||||||||||||| ||spa||
041 _aESP
082 _a269
_bP75
100 _aPolidoro, GianMaria
_eAUT
245 0 _aFrancisco de Asís
260 _c2005
300 _a256 páginas :
_c21cm.
650 _aGEN
654 _aCHU
942 _cLIB
_dJUS
_fJUS
_2ddc
_n
999 _c3310
_d3310